000 00315nam a2200133 i 4500
001 bg
100 1 _aNYFFELER, Hans
245 0 _aFaltwerke im Hallen und Brückenbau /
_cH. Nyffeler.
260 _aDüsseldorf,
_c1967.
040 _cBPK
041 _apol
942 _cKS
008 s pl f |000 0 pol
999 _c8108
_d8108
856 _uhttp://koha.tu.koszalin.pl/cgi-bin/koha/opac-detail.pl?biblionumber=8108
_yKatalog online BPK